Aké faktory zvažovať pri výbere právnej formy podnikania?

Výber právnej formy je jednou z najdôležitejších právnych rozhodnutí pri štarte podnikania. Kritériá podľa akých sa orientovať. Jednotlivé faktory, ktoré výber právnej formy ovplyvňujú.

Gespeichert in:
Bibliographische Detailangaben
1. Verfasser: Šrenkel, Ľudovít
Format: Buchkapitel
Sprache:Slowakisch
Schlagworte:
Tags: Tag hinzufügen
Keine Tags, Fügen Sie das erste Tag hinzu!

MARC

LEADER 00000nla a2200000 4500
001 0198214
005 20240502073340.6
041 0 |a slo 
044 |a SK 
245 1 0 |a Aké faktory zvažovať pri výbere právnej formy podnikania?  |c Ľudovít Šrenkel 
520 |a Výber právnej formy je jednou z najdôležitejších právnych rozhodnutí pri štarte podnikania. Kritériá podľa akých sa orientovať. Jednotlivé faktory, ktoré výber právnej formy ovplyvňujú. 
610 2 0 |a podnikanie 
610 2 0 |a zámery podnikateľské 
610 2 0 |a založenie podniku 
610 2 0 |a formy podnikov 
610 2 0 |a typológia podnikov 
610 2 0 |a formy financovania 
100 1 |a Šrenkel, Ľudovít